Les tragedies de Seneca / (Record no. 142626)

MARC details
000 -LEADER
campo de control de longitud fija 00697nam a2200181 i 4500
001 - NÚMERO DE CONTROL
campo de control 142626
003 - IDENTIFICADOR DE NÚMERO DE CONTROL
campo de control ES-MaACL
005 - FECHA Y HORA DE LA ÚLTIMA TRANSACCIÓN
campo de control 20230906200557.0
007 - CAMPO FIJO DE DESCRIPCIÓN FÍSICA--INFORMACIÓN GENERAL
campo de control de longitud fija t|
008 - DATOS DE LONGITUD FIJA--INFORMACIÓN GENERAL
campo de control de longitud fija 071009s1914 sp ||||1| cat d
100 1# - ENTRADA PRINCIPAL--NOMBRE DE PERSONA
Nombre de persona Vilaragut, Antonio de.
9 (RLIN) 114811
245 14 - MENCIÓN DEL TÍTULO
Título Les tragedies de Seneca /
Mención de responsabilidad, etc. Antoni de Vilaragut ; examen comparativo de los códices de los mismos precedidos de un estudio bibliográfico por Marcelino Gutiérrez del Caño.
260 ## - PUBLICACIÓN, DISTRIBUCIÓN, ETC.
Lugar de publicación, distribución, etc. Valencia :
Nombre del editor, distribuidor, etc. [s.n.],
Fecha de publicación, distribución, etc. 1914 (
Fabricante Imp. de Antonio López y Compª)
300 ## - DESCRIPCIÓN FÍSICA
Extensión XLIV, 525 p. ;
Dimensiones 26 cm.
600 14 - PUNTO DE ACCESO ADICIONAL DE MATERIA--NOMBRE DE PERSONA
Nombre de persona Séneca, Lucio Anneo.
9 (RLIN) 105451
700 1# - ENTRADA AGREGADA--NOMBRE PERSONAL
Nombre de persona Gutiérrez del Caño, Marcelino.
9 (RLIN) 61134
852 ## - LOCALIZACIÓN
Ubicación ES-MaACL
Número de control de estantería A-2793
Sublocalización o colección R.19675
Holdings
Estatus retirado Estado de pérdida Estado de daño No para préstamo Biblioteca de origen Biblioteca actual Ubicación en estantería Fecha de adquisición Fuente de adquisición Total de préstamos Signatura topográfica completa Código de barras Visto por última vez Precio de reemplazo Tipo de ítem Koha
        Biblioteca del Ateneo de Madrid Biblioteca del Ateneo de Madrid Sala Pecera Planta 1 17/01/2008     A-2793 1148402 23/02/2023 23/02/2023 Libro impreso